LEADER 01126nam0 22002891i 450 001 SUN0021728 005 20040817120000.0 100 $a20040817f 1993 |0itac50 ba 101 $aita 102 $aIT 105 $a|||| ||||| 200 1 $aˆLe ‰ville del Salento$e1870-1930$fCiro Robotti$gcon contributi di Antonio Monte, Pasquale Tunzi 210 $aSan Salvo$cDi Rico 215 $av.$d28 cm 606 $aVille$xSalento$x1870-1930$2FI$3SUNC010442 620 $dSan Salvo$3SUNL000238 676 $a728.840945753$v21 700 1$aRobotti$b, Ciro$3SUNV018015$010849 702 1$aMonte$b, Antonio$3SUNV018020 702 1$aTunzi$b, Pasquale$3SUNV018021 712 $aDi Rico$3SUNV000879$4650 801 $aIT$bSOL$c20181109$gRICA 912 $aSUN0021728 950 $aBIBLIOTECA DEL DIPARTIMENTO DI ARCHITETTURA E DISEGNO INDUSTRIALE$d01 PREST IDc72 $e01 2656 995 $aBIBLIOTECA DEL DIPARTIMENTO DI ARCHITETTURA E DISEGNO INDUSTRIALE$bIT-CE0107$h2656$kPREST IDc72$op$qa 996 $aVille del Salento$91428516 997 $aUNICAMPANIA LEADER 02894nam 2200685Ia 450 001 9910455716803321 005 20200520144314.0 010 $a1-280-47086-0 010 $a0-19-535271-8 010 $a0-585-33611-3 035 $a(CKB)111004366530188 035 $a(EBL)272545 035 $a(OCoLC)476011327 035 $a(SSID)ssj0000231846 035 $a(PQKBManifestationID)11190507 035 $a(PQKBTitleCode)TC0000231846 035 $a(PQKBWorkID)10207269 035 $a(PQKB)11294341 035 $a(MiAaPQ)EBC272545 035 $a(Au-PeEL)EBL272545 035 $a(CaPaEBR)ebr10278507 035 $a(CaONFJC)MIL47086 035 $a(OCoLC)935260725 035 $a(EXLCZ)99111004366530188 100 $a19970829d1998 uy 0 101 0 $aeng 135 $aurcn||||||||| 181 $ctxt 182 $cc 183 $acr 200 10$aRabbinic authority$b[electronic resource] /$fMichael S. Berger 210 $aNew York $cOxford University Press$d1998 215 $a1 online resource (241 p.) 300 $aDescription based upon print version of record. 311 $a0-19-512269-0 320 $aIncludes bibliographical references (p. 205-213) and index. 327 $aContents; Introduction; ONE: The Domains of Divine Revelation and Rabbinic Activity and Their Relationship; Part I: Institutional Authority of the Talmudic Sages; TWO: ""The Judge in Charge at the Time"": Rabbinic Authority as Divine Command; THREE: The Sages as the Sanhedrin; FOUR: Ordination: Standing in the Sandals of Moses; Part II: Personal Qualities of the Talmudic Sages; FIVE: The Rabbis as Experts; SIX: The Divinely Guided Sages; Part III: Rabbinic Authority as Authority Transformed; SEVEN: The Authority of Publicly Accepted Practice; EIGHT: The Authority of Texts 327 $aNINE: Rethinking Authority: Interpretive Communities and Forms of Life Conclusion; Notes; Bibliography; Index; 330 $aExamines the nature and sources of the authority accorded in Judaism to the Sages of the first five centuries CE, whose statements serve as the basis for Halakhah (Jewish law). Berger critiques the notion of their authority, the assumptions undergirding it and the implications that follow. 606 $aTannaim 606 $aAmoraim 606 $aRabbis$xOffice 606 $aRabbinical literature$xHistory and criticism 606 $aTradition (Judaism) 608 $aElectronic books. 615 0$aTannaim. 615 0$aAmoraim. 615 0$aRabbis$xOffice. 615 0$aRabbinical literature$xHistory and criticism. 615 0$aTradition (Judaism) 676 $a296.09015 676 $a296.1200922 700 $aBerger$b Michael S$0954744 801 0$bMiAaPQ 801 1$bMiAaPQ 801 2$bMiAaPQ 906 $aBOOK 912 $a9910455716803321 996 $aRabbinic authority$92159476 997 $aUNINA